|
|
|
|
| LEADER |
01573nam a2200253 a 4500 |
| 008 |
091123s2005 bg a b 001 0 eng d |
| 020 |
|
|
|c 9840517287
|
| 040 |
|
|
|a DLC
|c DLC
|d DLC
|
| 082 |
0 |
0 |
|a 330.9549/205
|2 22
|
| 100 |
1 |
|
|a Rashid, Haroun.
|
| 245 |
1 |
3 |
|a Economic geography of Bangladesh /
|c Haroun er Rashid.
|
| 250 |
|
|
|a Revised and updated edition.
|
| 260 |
|
|
|a Dhaka :
|b University Press,
|c 2005.
|
| 300 |
|
|
|a xix, 300 p. :
|b ill., maps ;
|c 22 cm.
|
| 504 |
|
|
|a Includes bibliographical references and index.
|
| 541 |
1 |
|
|e 00014343
|
| 651 |
|
0 |
|a Bangladesh
|x Economic conditions.
|
| 852 |
4 |
|
|a Ayesha Abed Library
|j General shelf
|
| 999 |
|
|
|c 5821
|d 5821
|
| 952 |
|
|
|0 0
|1 0
|2 ddc
|4 0
|6 330_954920500000000_RAS_2005
|7 0
|9 5784
|a BRACUL
|b BRACUL
|c GEN
|d 2009-11-23
|g 550.00
|l 2
|o 330.9549205 RAS
|p 3010014343
|r 2025-09-09
|s 2025-06-17
|t 1
|v 1100.00
|w 2009-11-23
|y BK
|
| 952 |
|
|
|0 0
|1 0
|2 ddc
|4 0
|6 330_954920500000000_RAS_2005
|7 0
|9 6356
|a BRACUL
|b BRACUL
|c GEN
|d 2009-12-22
|g 550.00
|l 6
|m 50
|o 330.9549205 RAS
|p 3010014341
|r 2018-12-09
|s 2018-09-17
|t 2
|v 1100.00
|w 2009-12-22
|y BK
|
| 952 |
|
|
|0 0
|1 0
|2 ddc
|4 0
|6 330_954920500000000_RAS_2005
|7 0
|9 6357
|a BRACUL
|b BRACUL
|c GEN
|d 2009-12-22
|g 550.00
|l 4
|m 5
|o 330.9549205 RAS
|p 3010014344
|r 2024-09-26
|s 2024-09-08
|t 3
|v 1100.00
|w 2009-12-22
|y BK
|
| 952 |
|
|
|0 0
|1 0
|2 ddc
|4 0
|6 330_954920500000000_RAS_2005
|7 0
|9 7323
|a BRACUL
|b BRACUL
|c GEN
|d 2010-01-20
|l 3
|m 8
|o 330.9549205 RAS
|p 3010014345
|r 2017-05-02
|s 2017-01-03
|t 4
|w 2010-01-20
|y BK
|
| 952 |
|
|
|0 0
|1 0
|2 ddc
|4 0
|6 330_954920500000000_RAS
|7 0
|9 7618
|a BRACUL
|b BRACUL
|c GEN
|d 2010-01-31
|l 2
|m 11
|o 330.9549205 RAS
|p 3010014342
|r 2017-05-07
|s 2017-04-19
|t 5
|w 2010-01-31
|y BK
|